[Event "HUN-chT2 Maroczy 0809"]
[Site "Hungary"]
[Date "2008.10.26"]
[Round "1"]
[White "Foldi, Istvan"]
[Black "Kiss, Gergely"]
[Result "0-1"]
[WhiteElo "2296"]
[BlackElo "2251"]
[PlyCount "44"]
[EventDate "2008.10.26"]
[EventType "team-tourn"]
[EventRounds "11"]
[EventCountry "HUN"]
[SourceTitle "EXT 2010"]
[Source "ChessBase"]
[SourceDate "2010.11.25"]
[SourceVersion "1"]
[SourceVersionDate "2010.11.25"]
[SourceQuality "1"]
[WhiteTeam "Matra"]
[BlackTeam "MLTC II"]
[WhiteTeamCountry "HUN"]
[BlackTeamCountry "HUN"]

1. e4 e5 2. Nf3 Nc6 3. Bc4 Bc5 4. 0-0 Nf6 5. b4 Bxb4 6. c3 Be7 7. d4 exd4 8. Re1 0-0 9. e5 d5 10. exf6 Bxf6 11. Bd3 dxc3 12. Na3 c2 13. Nxc2 Bxa1 14. Nxa1 Bg4 15. Qa4 Bxf3 16. gxf3 Qf6 17. Bb1 Nd4 18. Re3 Nxf3+ 19. Kg2 Nh4+ 20. Kh3 Ng6 21. Qc2 Rfe8 22. Nb3 Rxe3+ 0-1

[Event "Nyiregyhaza op"]
[Site "Nyiregyhaza"]
[Date "2008.07.25"]
[Round "5"]
[White "Laszlo, Janos"]
[Black "Foldi, Istvan"]
[Result "1-0"]
[WhiteElo "2331"]
[BlackElo "2295"]
[PlyCount "75"]
[EventDate "2008.07.23"]
[EventType "swiss"]
[EventRounds "7"]
[EventCountry "HUN"]
[SourceTitle "EXT 2009"]
[Source "ChessBase"]
[SourceDate "2008.11.26"]
[SourceVersion "1"]
[SourceVersionDate "2008.11.26"]
[SourceQuality "1"]

1. Nf3 Nf6 2. d4 e6 3. e3 c5 4. c4 d5 5. Nc3 a6 6. a3 Nc6 7. Bd3 dxc4 8. Bxc4 Be7 9. 0-0 Qc7 10. d5 exd5 11. Nxd5 Nxd5 12. Bxd5 0-0 13. h3 Bf5 14. e4 Bg6 15. Be3 Rad8 16. Qe2 b5 17. b3 Na5 18. Nd2 Rfe8 19. Rfc1 Nb7 20. a4 Bf6 21. Ra2 c4 22. bxc4 b4 23. c5 Bc3 24. Qxa6 Nxc5 25. Qc4 Rc8 26. f3 Kh8 27. Rxc3 bxc3 28. Qxc3 Qd6 29. Rc2 Qxd5 30. exd5 Bxc2 31. Bxc5 Bxa4 32. Qb4 Bc2 33. Ne4 Rb8 34. Qd4 Kg8 35. d6 Rb1+ 36. Kh2 Rd1 37. Qc4 Bd3 38. Qa4 1-0

[Event "Nyiregyhaza op"]
[Site "Nyiregyhaza"]
[Date "2008.07.24"]
[Round "3"]
[White "Jacso, Adam"]
[Black "Foldi, Istvan"]
[Result "1/2-1/2"]
[WhiteElo "2174"]
[BlackElo "2295"]
[PlyCount "34"]
[EventDate "2008.07.23"]
[EventType "swiss"]
[EventRounds "7"]
[EventCountry "HUN"]
[SourceTitle "EXT 2009"]
[Source "ChessBase"]
[SourceDate "2008.11.26"]
[SourceVersion "1"]
[SourceVersionDate "2008.11.26"]
[SourceQuality "1"]

1. d4 g6 2. c4 Bg7 3. e4 d6 4. Nc3 Nd7 5. Nf3 c5 6. Be2 cxd4 7. Nxd4 Ngf6 8. Be3 0-0 9. 0-0 a6 10. Qd2 Re8 11. Rfd1 Nc5 12. f3 Bd7 13. Rac1 Rc8 14. Qc2 Qc7 15. b4 Ne6 16. Nb3 Qb8 17. Qd2 Nf8 1/2-1/2

[Event "HUN-chT2 Maroczy 0708"]
[Site "Hungary"]
[Date "2008.05.18"]
[Round "11"]
[White "Kakuk, Sandor"]
[Black "Foldi, Istvan"]
[Result "0-1"]
[WhiteElo "2236"]
[BlackElo "2277"]
[PlyCount "76"]
[EventDate "2007.10.14"]
[EventType "team"]
[EventRounds "11"]
[EventCountry "HUN"]
[SourceTitle "EXT 2009"]
[Source "ChessBase"]
[SourceDate "2008.11.26"]
[SourceVersion "1"]
[SourceVersionDate "2008.11.26"]
[SourceQuality "1"]
[WhiteTeam "Oroshaza"]
[BlackTeam "Matra"]
[WhiteTeamCountry "HUN"]
[BlackTeamCountry "HUN"]

1. e4 c5 2. Nf3 e6 3. d4 cxd4 4. Nxd4 a6 5. Nc3 Nc6 6. Be3 Qc7 7. Bd3 Nf6 8. f4 Nxd4 9. Bxd4 Qxf4 10. Rf1 Qd6 11. Bxf6 gxf6 12. Qf3 Qe5 13. 0-0-0 Bg7 14. Ne2 b5 15. c3 Bb7 16. Ng3 h5 17. Rf2 Rc8 18. Kb1 a5 19. Bc2 h4 20. Qd3 hxg3 21. Qxd7+ Kf8 22. Rfd2 Qc7 23. Qxb5 gxh2 24. Rd7 h1Q 25. Rxc7 Rxc7 26. Ba4 Qxd1+ 27. Bxd1 Rh1 28. Kc2 Bxe4+ 29. Kd2 Ke7 30. Ba4 Rh8 31. Qxa5 Rd8+ 32. Ke2 Rb7 33. Qc5+ Rd6 34. g4 Bc6 35. Bxc6 Rc7 36. Qb4 Rcxc6 37. Qb7+ Kf8 38. Qa8+ Ke7 0-1

[Event "HUN-chT2 Maroczy 0708"]
[Site "Hungary"]
[Date "2008.03.16"]
[Round "8"]
[White "Foldi, Istvan"]
[Black "Bartos, Tamas"]
[Result "1-0"]
[WhiteElo "2277"]
[BlackElo "2195"]
[PlyCount "95"]
[EventDate "2007.10.14"]
[EventType "team"]
[EventRounds "11"]
[EventCountry "HUN"]
[SourceTitle "EXT 2009"]
[Source "ChessBase"]
[SourceDate "2008.11.26"]
[SourceVersion "1"]
[SourceVersionDate "2008.11.26"]
[SourceQuality "1"]
[WhiteTeam "Matra"]
[BlackTeam "Maroczy"]
[WhiteTeamCountry "HUN"]
[BlackTeamCountry "HUN"]

1. e4 e6 2. d4 d5 3. Nd2 c5 4. exd5 exd5 5. Ngf3 Nc6 6. Bb5 Bd6 7. dxc5 Bxc5 8. 0-0 Nge7 9. Nb3 Bd6 10. Re1 0-0 11. c3 Bg4 12. Be2 Qc7 13. h3 Bd7 14. Nbd4 Nxd4 15. Nxd4 a6 16. Bf3 h6 17. Qb3 Rad8 18. Be3 b5 19. Rad1 Kh8 20. Kh1 Qc8 21. Kg1 Qc7 22. Qc2 a5 23. Qc1 Kh7 24. Be2 Rb8 25. Bd3+ f5 26. Bd2 Rf6 27. Re2 Ng6 28. Qc2 Qc8 29. Rde1 Kh8 30. Nf3 Bf4 31. Be3 Bxe3 32. Rxe3 f4 33. R3e2 Bxh3 34. Re8+ Qxe8 35. Rxe8+ Rxe8 36. gxh3 Ne5 37. Kg2 Nxd3 38. Qxd3 b4 39. cxb4 axb4 40. Qxd5 Rg6+ 41. Kf1 Rc8 42. Ne5 Rc1+ 43. Ke2 Rgg1 44. Qa8+ Kh7 45. Qe4+ Kg8 46. Kf3 Rce1 47. Qd5+ Kh7 48. Nd3 1-0

[Event "Eger Tel op"]
[Site "Eger"]
[Date "2008.01.26"]
[Round "5"]
[White "Foldi, Istvan"]
[Black "Balogh, Laszlo"]
[Result "1/2-1/2"]
[WhiteElo "2276"]
[BlackElo "2201"]
[PlyCount "86"]
[EventDate "2008.01.24"]
[EventType "swiss"]
[EventRounds "7"]
[EventCountry "HUN"]
[SourceTitle "EXT 2011"]
[Source "ChessBase"]
[SourceDate "2010.11.26"]
[SourceVersion "1"]
[SourceVersionDate "2010.11.26"]
[SourceQuality "1"]

1. e4 e6 2. d4 d5 3. Nd2 Nc6 4. Ngf3 Nf6 5. e5 Nd7 6. Bb5 a6 7. Bxc6 bxc6 8. 0-0 c5 9. dxc5 Bxc5 10. Nb3 Be7 11. Bd2 Nb6 12. Nfd4 Bd7 13. Qg4 Kf8 14. Na5 h5 15. Qh3 Qe8 16. b4 Bb5 17. Rfe1 Nc4 18. Nxc4 Bxc4 19. a4 c5 20. bxc5 Bxc5 21. Be3 Kg8 22. Qg3 Bf8 23. f4 Qd7 24. Reb1 g6 25. f5 exf5 26. e6 Qe8 27. exf7+ Qxf7 28. Rb6 Bg7 29. Qxg6 Qxg6 30. Rxg6 Kf7 31. Rg5 f4 32. Bf2 Bf6 33. Rf5 Kg6 34. Rxf4 Bxd4 35. Rxd4 Rhe8 36. Ra3 Rab8 37. Rg3+ Kf5 38. h4 Rg8 39. Rf3+ Ke6 40. Rdf4 Rg6 41. Re3+ Kd6 42. Bg3 Rb1+ 43. Kh2 Kc6 1/2-1/2

[Event "HUN-chT2 Maroczy 0607"]
[Site "Hungary"]
[Date "2007.05.06"]
[Round "10"]
[White "Foldi, Istvan"]
[Black "Toth, Ervin"]
[Result "1-0"]
[WhiteElo "2258"]
[BlackElo "2331"]
[PlyCount "54"]
[EventDate "2006.11.12"]
[EventType "team"]
[EventRounds "11"]
[EventCountry "HUN"]
[SourceTitle "EXT 2008"]
[Source "ChessBase"]
[SourceDate "2007.11.25"]
[SourceVersion "1"]
[SourceVersionDate "2007.11.25"]
[SourceQuality "1"]
[WhiteTeam "Matra"]
[BlackTeam "Koeszolg"]
[WhiteTeamCountry "HUN"]
[BlackTeamCountry "HUN"]

1. e4 e6 2. d4 d5 3. Nd2 Be7 4. c3 c5 5. e5 Nc6 6. Ngf3 g5 7. h3 h5 8. Bd3 Nh6 9. g4 Rg8 10. Rg1 hxg4 11. hxg4 f6 12. Qe2 cxd4 13. cxd4 Qb6 14. Nb3 a5 15. exf6 Bxf6 16. Be3 a4 17. Nc5 Ra5 18. Rc1 Nxd4 19. Bxd4 Bxd4 20. Nxe6 Bxf2+ 21. Qxf2 Qxe6+ 22. Kd2 Kd8 23. Qd4 Qd6 24. Ne5 Re8 25. Rge1 Rf8 26. Rh1 Nxg4 27. Rh8 Be6 1-0

[Event "HUN-chT2 Maroczy 0607"]
[Site "Hungary"]
[Date "2007.04.29"]
[Round "9"]
[White "Foldi, Istvan"]
[Black "Agardi, Norbert"]
[Result "0-1"]
[WhiteElo "2258"]
[BlackElo "2202"]
[PlyCount "72"]
[EventDate "2006.11.12"]
[EventType "team"]
[EventRounds "11"]
[EventCountry "HUN"]
[SourceTitle "EXT 2008"]
[Source "ChessBase"]
[SourceDate "2007.11.25"]
[SourceVersion "1"]
[SourceVersionDate "2007.11.25"]
[SourceQuality "1"]
[WhiteTeam "Matra"]
[BlackTeam "Vizugy"]
[WhiteTeamCountry "HUN"]
[BlackTeamCountry "HUN"]

1. e4 c5 2. Nf3 Nc6 3. Bb5 Na5 4. c3 a6 5. Be2 d5 6. exd5 Qxd5 7. d4 cxd4 8. cxd4 e6 9. Nc3 Bb4 10. 0-0 Bxc3 11. bxc3 Nc4 12. Nd2 Nxd2 13. Qxd2 Qa5 14. a4 Nf6 15. Ba3 Bd7 16. Bf3 Bc6 17. Bxc6+ bxc6 18. Qf4 Rd8 19. Qg3 Rg8 20. Rfb1 Ne4 21. Qd3 f5 22. Qh3 Qc7 23. Re1 Kf7 24. Re3 Rge8 25. Rae1 Kg8 26. f3 Nxc3 27. Rxc3 Rxd4 28. Qh5 Red8 29. Rce3 Qb6 30. Be7 Rd1 31. Kf2 Rxe1 32. Bxd8 Qxe3+ 33. Kg3 g6 34. Qh4 Qe5+ 35. Kf2 Re2+ 36. Kf1 Ra2 0-1

[Event "HUN-chT2 Maroczy 0607"]
[Site "Hungary"]
[Date "2007.03.04"]
[Round "6"]
[White "Suto, Gabor"]
[Black "Foldi, Istvan"]
[Result "1/2-1/2"]
[WhiteElo "2287"]
[BlackElo "2258"]
[PlyCount "58"]
[EventDate "2006.11.12"]
[EventType "team"]
[EventRounds "11"]
[EventCountry "HUN"]
[SourceTitle "EXT 2008"]
[Source "ChessBase"]
[SourceDate "2007.11.25"]
[SourceVersion "1"]
[SourceVersionDate "2007.11.25"]
[SourceQuality "1"]
[WhiteTeam "Sarospatak"]
[BlackTeam "Matra"]
[WhiteTeamCountry "HUN"]
[BlackTeamCountry "HUN"]

1. d4 Nf6 2. c4 c5 3. d5 b5 4. cxb5 a6 5. b6 e6 6. Nc3 Nxd5 7. Nxd5 exd5 8. Qxd5 Nc6 9. e4 Be7 10. Bc4 0-0 11. Nf3 Rb8 12. 0-0 Rxb6 13. Rd1 Na5 14. Be2 Rg6 15. Bd2 d6 16. Bc3 Be6 17. Qd2 Nc6 18. Bxa6 Qb6 19. Be2 Ra8 20. b3 Rg4 21. Qe3 Nb4 22. Ne1 Bg5 23. Qf3 Re8 24. Bc4 Rf4 25. Qg3 Rg4 26. Qxd6 Qxd6 27. Rxd6 Bxc4 28. bxc4 Rgxe4 29. Nf3 Bf4 1/2-1/2

[Event "HUN-chT2 Maroczy 0607"]
[Site "Hungary"]
[Date "2006.11.12"]
[Round "1"]
[White "Foldi, Istvan"]
[Black "Papp, Abel"]
[Result "1/2-1/2"]
[WhiteElo "2258"]
[BlackElo "2197"]
[PlyCount "117"]
[EventDate "2006.11.12"]
[EventType "team"]
[EventRounds "11"]
[EventCountry "HUN"]
[SourceTitle "EXT 2008"]
[Source "ChessBase"]
[SourceDate "2007.11.25"]
[SourceVersion "1"]
[SourceVersionDate "2007.11.25"]
[SourceQuality "1"]
[WhiteTeam "Matra"]
[BlackTeam "Miskolc EMSE"]
[WhiteTeamCountry "HUN"]
[BlackTeamCountry "HUN"]

1. e4 e5 2. Nf3 Nc6 3. Bb5 a6 4. Bxc6 dxc6 5. 0-0 Qd6 6. d4 exd4 7. Nxd4 c5 8. Ne2 Bd7 9. Nbc3 Qxd1 10. Rxd1 0-0-0 11. Bf4 Ne7 12. Rd2 Re8 13. Rad1 Bc6 14. Bg3 g5 15. Be5 Rg8 16. Ng3 Ng6 17. Bf6 Be7 18. Bxe7 Nxe7 19. Nh5 Rg6 20. e5 Ng8 21. Ne2 b6 22. f4 gxf4 23. Nexf4 Rg5 24. e6 fxe6 25. Rd8+ Kb7 26. Ng3 e5 27. Nh3 Rxd8 28. Rxd8 Rg6 29. Nf2 Nf6 30. Nd3 Ng4 31. Rh8 e4 32. Nf2 Nf6 33. Rf8 e3 34. Nd3 Ne4 35. Ne5 Rd6 36. Nxc6 Nxg3 37. Nd8+ Ka7 38. Nc6+ Rxc6 39. hxg3 Rd6 40. Re8 Rd2 41. Rxe3 Rxc2 42. Re7 Rxb2 43. Rxc7+ Kb8 44. Rxh7 c4 45. Rh8+ Kc7 46. Rh7+ Kd6 47. Rh8 c3 48. Rc8 c2 49. Kh2 Rxa2 50. g4 b5 51. g5 Ke6 52. Rc6+ Kf7 53. Kh3 Rb2 54. g4 b4 55. Kh4 b3 56. Rc7+ Kg6 57. Rc6+ Kf7 58. Rc7+ Kg6 59. Rc6+ 1/2-1/2

[Event "HUN-chT2 Maroczy 0506"]
[Site "Hungary"]
[Date "2005.10.30"]
[Round "2"]
[White "Foldi, Istvan"]
[Black "Halasz, Tamas"]
[Result "1/2-1/2"]
[WhiteElo "2304"]
[BlackElo "2376"]
[PlyCount "44"]
[EventDate "2005.10.16"]
[EventType "team"]
[EventRounds "11"]
[EventCountry "HUN"]
[SourceTitle "EXT 2009"]
[Source "ChessBase"]
[SourceDate "2008.11.26"]
[SourceVersion "1"]
[SourceVersionDate "2008.11.26"]
[SourceQuality "1"]
[WhiteTeam "Matra"]
[BlackTeam "Miskolc EMSE"]
[WhiteTeamCountry "HUN"]
[BlackTeamCountry "HUN"]

1. d4 d5 2. c4 e6 3. Nf3 Nf6 4. g3 dxc4 5. Qa4+ Nbd7 6. Qxc4 a6 7. Bg2 b5 8. Qc2 Bb7 9. 0-0 c5 10. a4 Qb6 11. axb5 axb5 12. Rxa8+ Bxa8 13. Nc3 Bxf3 14. Bxf3 cxd4 15. Ne4 Nxe4 16. Bxe4 Qc5 17. Qd3 f5 18. Bg2 Ne5 19. Qd1 Bd6 20. e3 dxe3 21. Bxe3 Qb4 22. Bd4 Kf7 1/2-1/2

[Event "Eger Agria op"]
[Site "Eger"]
[Date "2005.07.29"]
[Round "6"]
[White "Tatar Kis, Szabolcs"]
[Black "Foldi, Istvan"]
[Result "1-0"]
[WhiteElo "2415"]
[BlackElo "2302"]
[PlyCount "39"]
[EventDate "2005.07.18"]
[EventType "swiss"]
[EventRounds "9"]
[EventCountry "HUN"]
[SourceTitle "EXT 2008"]
[Source "ChessBase"]
[SourceDate "2007.11.25"]
[SourceVersion "1"]
[SourceVersionDate "2007.11.25"]
[SourceQuality "1"]

1. e4 e6 2. d4 d5 3. Nc3 Nf6 4. e5 Nfd7 5. Nce2 c5 6. c3 b6 7. f4 Ba6 8. Nf3 Be7 9. f5 Bxe2 10. Bxe2 a6 11. Bd3 Nf8 12. 0-0 c4 13. Bc2 exf5 14. Bxf5 g6 15. Bh3 Ne6 16. Bh6 Ra7 17. Qd2 Qd7 18. Bg7 Rg8 19. Qh6 Bd8 20. Qxh7 1-0

[Event "Eger Agria op"]
[Site "Eger"]
[Date "2005.07.26"]
[Round "3"]
[White "Foldi, Istvan"]
[Black "Chernyshov, Konstantin"]
[Result "0-1"]
[WhiteElo "2302"]
[BlackElo "2548"]
[PlyCount "54"]
[EventDate "2005.07.18"]
[EventType "swiss"]
[EventRounds "9"]
[EventCountry "HUN"]
[SourceTitle "EXT 2008"]
[Source "ChessBase"]
[SourceDate "2007.11.25"]
[SourceVersion "1"]
[SourceVersionDate "2007.11.25"]
[SourceQuality "1"]

1. d4 Nf6 2. c4 e6 3. Nf3 b6 4. g3 Bb7 5. Bg2 Be7 6. 0-0 0-0 7. Nc3 Na6 8. b3 Ne4 9. Bb2 f5 10. d5 Bf6 11. Nd4 Nac5 12. Nxe4 Nxe4 13. Rb1 Qe7 14. Qc2 Rae8 15. dxe6 Bxd4 16. Bxd4 Qxe6 17. e3 c5 18. Ba1 Bc6 19. Rbd1 Rf7 20. Rfe1 Qg6 21. Qb2 Ng5 22. Rd5 Rfe7 23. h4 Ne4 24. Rdd1 f4 25. h5 Qxh5 26. exf4 Nf6 27. Rf1 Ng4 0-1

[Event "HUN-chT2 Maroczy 0405"]
[Site "Hungary"]
[Date "2005.01.23"]
[Round "6"]
[White "Szeberenyi, Adam"]
[Black "Foldi, Istvan"]
[Result "1/2-1/2"]
[WhiteElo "2422"]
[BlackElo "2327"]
[PlyCount "39"]
[EventDate "2004.09.26"]
[EventType "team"]
[EventRounds "11"]
[EventCountry "HUN"]
[SourceTitle "EXT 2008"]
[Source "ChessBase"]
[SourceDate "2007.11.25"]
[SourceVersion "1"]
[SourceVersionDate "2007.11.25"]
[SourceQuality "1"]
[WhiteTeam "Miskolc"]
[BlackTeam "Matra"]
[WhiteTeamCountry "HUN"]
[BlackTeamCountry "HUN"]

1. d4 d6 2. Nf3 g6 3. c4 Bg7 4. Nc3 Nf6 5. Bg5 Nbd7 6. e3 0-0 7. Be2 c6 8. Qc2 a6 9. 0-0 b5 10. a3 bxc4 11. Bxc4 c5 12. Rad1 cxd4 13. Nxd4 Bb7 14. Ba2 Rc8 15. Qe2 Rc5 16. f4 Qa8 17. Nb3 Rc7 18. Na5 Be4 19. Nxe4 Qxe4 20. Rc1 1/2-1/2

[Event "HUN-chT2 Maroczy 0405"]
[Site "Hungary"]
[Date "2004.12.19"]
[Round "5"]
[White "Emodi, Gyula"]
[Black "Foldi, Istvan"]
[Result "1-0"]
[WhiteElo "2353"]
[BlackElo "2327"]
[PlyCount "74"]
[EventDate "2004.09.26"]
[EventType "team"]
[EventRounds "11"]
[EventCountry "HUN"]
[SourceTitle "EXT 2008"]
[Source "ChessBase"]
[SourceDate "2007.11.25"]
[SourceVersion "1"]
[SourceVersionDate "2007.11.25"]
[SourceQuality "1"]
[WhiteTeam "Penzugyor"]
[BlackTeam "Matra"]
[WhiteTeamCountry "HUN"]
[BlackTeamCountry "HUN"]

1. e4 e6 2. Qe2 c5 3. Nf3 Nc6 4. g3 d6 5. Bg2 Nf6 6. 0-0 Be7 7. c3 0-0 8. d4 cxd4 9. Nxd4 e5 10. Nc2 Bg4 11. f3 Be6 12. f4 Qb6+ 13. Kh1 Bg4 14. Qe1 exf4 15. gxf4 Rfe8 16. Ne3 Bd7 17. Nd2 Bf8 18. Qg3 Qc5 19. Nd5 Nxd5 20. exd5 Ne7 21. Ne4 Nf5 22. Qg5 Rxe4 23. Bxe4 Re8 24. Bf3 Be7 25. Qg1 Qc4 26. Re1 Nh4 27. Qf2 Qd3 28. Re3 Qb5 29. Bd2 Nf5 30. Ree1 Rc8 31. Qe2 Qb6 32. Be3 Qa5 33. Bf2 Bf6 34. Qd3 g6 35. Rg1 Qa4 36. Bg3 Bg7 37. Bg4 Qc4 1-0

[Event "HUN-chT2 Maroczy 0405"]
[Site "Hungary"]
[Date "2004.11.21"]
[Round "3"]
[White "Foldi, Istvan"]
[Black "Bogdan, Dan"]
[Result "0-1"]
[WhiteElo "2327"]
[BlackElo "2469"]
[PlyCount "55"]
[EventDate "2004.09.26"]
[EventType "team"]
[EventRounds "11"]
[EventCountry "HUN"]
[SourceTitle "EXT 2008"]
[Source "ChessBase"]
[SourceDate "2007.11.25"]
[SourceVersion "1"]
[SourceVersionDate "2007.11.25"]
[SourceQuality "1"]
[WhiteTeam "Matra"]
[BlackTeam "Edeleny"]
[WhiteTeamCountry "HUN"]
[BlackTeamCountry "HUN"]

1. d4 g6 2. c4 Bg7 3. Nc3 d6 4. e4 Nf6 5. Bd3 0-0 6. Nge2 Nc6 7. h3 Nd7 8. Be3 e5 9. d5 Nd4 10. Bb1 Nxe2 11. Qxe2 f5 12. f3 Bh6 13. Bf2 Nf6 14. exf5 gxf5 15. g4 Kh8 16. Bh4 Qe8 17. Nb5 Qe7 18. Nd4 e4 19. fxe4 fxg4 20. 0-0 gxh3 21. e5 dxe5 22. Nf5 Bxf5 23. Bxf5 Qg7+ 24. Kh1 Bf4 25. Be6 Qh6 26. Bxf6+ Rxf6 27. Rg1 Raf8 28. Rg4 0-1

[Event "HUN-chT2 Maroczy 0304"]
[Site "Hungary"]
[Date "2003.12.07"]
[Round "5"]
[White "Konnyu, Janos"]
[Black "Foldi, Istvan"]
[Result "1/2-1/2"]
[WhiteElo "2255"]
[BlackElo "2325"]
[PlyCount "99"]
[EventDate "2003.09.28"]
[EventType "team"]
[EventRounds "11"]
[EventCountry "HUN"]
[SourceTitle "EXT 2005"]
[Source "ChessBase"]
[SourceDate "2004.11.15"]
[SourceVersion "1"]
[SourceVersionDate "2004.11.15"]
[SourceQuality "1"]

1. e4 e6 2. d4 d5 3. Nc3 Nf6 4. Bg5 Be7 5. e5 Nfd7 6. h4 a6 7. Bxe7 Qxe7 8. Qg4 f6 9. f4 c5 10. dxc5 fxe5 11. fxe5 Nc6 12. Nf3 Ndxe5 13. Nxe5 Nxe5 14. Qh5+ Nf7 15. 0-0-0 0-0 16. Bd3 Nh6 17. Rde1 Qc7 18. Rhf1 Bd7 19. g4 Rxf1 20. Rxf1 Qxc5 21. g5 Nf5 22. Bxf5 exf5 23. Qf3 d4 24. Qd5+ Qxd5 25. Nxd5 Re8 26. Nb6 Be6 27. Rf4 Rd8 28. Kd2 Rd6 29. Na4 b6 30. b3 Bd7 31. Nb2 b5 32. Kd3 Kf7 33. Rxd4 Rxd4+ 34. Kxd4 Kg6 35. c4 bxc4 36. bxc4 Kh5 37. Ke5 Kxh4 38. Kf4 Kh5 39. Nd3 h6 40. g6 Be8 41. Ne5 Bxg6 42. c5 Be8 43. c6 Bxc6 44. Nxc6 Kg6 45. Ne7+ Kf6 46. Nxf5 g5+ 47. Ke4 h5 48. Ne3 Ke6 49. Nd5 Kd6 50. Nf6 1/2-1/2

[Event "HUN-chT2 Maroczy 0304"]
[Site "Hungary"]
[Date "2003.04.18"]
[Round "11"]
[White "Foldi, Istvan"]
[Black "Peredy, Ferenc"]
[Result "1/2-1/2"]
[WhiteElo "2325"]
[BlackElo "2293"]
[PlyCount "20"]
[EventDate "2003.09.28"]
[EventType "team"]
[EventRounds "11"]
[EventCountry "HUN"]
[SourceTitle "EXT 2005"]
[Source "ChessBase"]
[SourceDate "2004.11.15"]
[SourceVersion "1"]
[SourceVersionDate "2004.11.15"]
[SourceQuality "1"]

1. d4 Nf6 2. c4 e6 3. Nf3 d5 4. g3 c5 5. cxd5 exd5 6. Bg2 Nc6 7. Nc3 Be7 8. 0-0 0-0 9. dxc5 Bxc5 10. Na4 Be7 1/2-1/2

[Event "HUN-chT2 Maroczy 0304"]
[Site "Hungary"]
[Date "2003.04.04"]
[Round "10"]
[White "Karacsony, Attila"]
[Black "Foldi, Istvan"]
[Result "1/2-1/2"]
[WhiteElo "2314"]
[BlackElo "2325"]
[PlyCount "23"]
[EventDate "2003.09.28"]
[EventType "team"]
[EventRounds "11"]
[EventCountry "HUN"]
[SourceTitle "EXT 2005"]
[Source "ChessBase"]
[SourceDate "2004.11.15"]
[SourceVersion "1"]
[SourceVersionDate "2004.11.15"]
[SourceQuality "1"]

1. e4 c5 2. Nf3 e6 3. c3 Nf6 4. e5 Nd5 5. g3 Nc6 6. Bg2 d6 7. exd6 Bxd6 8. d4 0-0 9. 0-0 cxd4 10. Nxd4 Nxd4 11. Qxd4 Qc7 12. Nd2 1/2-1/2